Novela zákona zasiahla do už rozbehnutej druhej vlny kupónovej privatizácie. 2

Pokračovanie príspevku zo seminára o privatizácii. Novela zákona č. 92/1991 Zb. o podmienkach prevodu majetku štátu na iné osoby posilnila postavenie FNM SR. Namiesto privatizácie finančné vyrovnanie. Zákon zasiahol do právnych vzťahov. Obmedzenie vlastníckych práv.

Gespeichert in:
Bibliographische Detailangaben
1. Verfasser: Kolaříková, M.
Format: Buchkapitel
Sprache:Slowakisch
Schlagworte:
Tags: Tag hinzufügen
Keine Tags, Fügen Sie das erste Tag hinzu!

MARC

LEADER 00000naa a2200000 4500
001 r019059
005 20230921074438.4
041 0 |a slo 
044 |a SK 
245 1 0 |a Novela zákona zasiahla do už rozbehnutej druhej vlny kupónovej privatizácie. 2  |c M. Kolaříková 
520 |a Pokračovanie príspevku zo seminára o privatizácii. Novela zákona č. 92/1991 Zb. o podmienkach prevodu majetku štátu na iné osoby posilnila postavenie FNM SR. Namiesto privatizácie finančné vyrovnanie. Zákon zasiahol do právnych vzťahov. Obmedzenie vlastníckych práv. 
610 2 0 |a Slovensko 
610 2 0 |a privatizácia 
610 2 0 |a zákony 
610 2 0 |a 1991 
610 2 0 |a novelizácia 
610 2 0 |a právo vlastnícke 
610 2 0 |a FNM SR Bratislava 
610 2 0 |a dlhopisy 
610 2 0 |a Ústava SR 
610 2 0 |a osoby fyzické 
610 2 0 |a osoby právnické 
100 1 |a Kolaříková, M.